UBT Library

Sistemi i Menaxhimit të Krizave (Record no. 60961)

000 -LEADER
fixed length control field 00328nam a22001337a 4500
008 - FIXED-LENGTH DATA ELEMENTS--GENERAL INFORMATION
fixed length control field 260403b ||||| |||| 00| 0 eng d
020 ## - INTERNATIONAL STANDARD BOOK NUMBER
International Standard Book Number 9789951623001
041 ## - LANGUAGE CODE
Language code of text/sound track or separate title eng
080 ## - UNIVERSAL DECIMAL CLASSIFICATION NUMBER
Universal Decimal Classification number 351.74
100 ## - Rafti
Rafti 23
101 ## - Shkurtesa
Shkurtesa Menaxhim
245 ## - TITLE STATEMENT
Title Sistemi i Menaxhimit të Krizave
Statement of responsibility, etc Bejtush Gashi, Xhelal Jusufi
942 ## - ADDED ENTRY ELEMENTS (KOHA)
Source of classification or shelving scheme
Item type Books
Holdings
Withdrawn status Lost status Source of classification or shelving scheme Damaged status Not for loan Collection code Permanent location Current location Date acquired Total Checkouts Barcode Date last seen Price effective from Koha item type
          Koleksioni i përgjithshem UBT - Lipjan UBT - Lipjan 04/03/2026   003-800070999592 04/03/2026 04/03/2026 Books
          Koleksioni i përgjithshem UBT - Lipjan UBT - Lipjan 04/03/2026   003-800070999593 04/03/2026 04/03/2026 Books
          Koleksioni i përgjithshem UBT - Lipjan UBT - Lipjan 04/03/2026   003-800070999594 04/03/2026 04/03/2026 Books
          Koleksioni i përgjithshem UBT - Lipjan UBT - Lipjan 04/03/2026   003-800070999595 04/03/2026 04/03/2026 Books
          Koleksioni i përgjithshem UBT - Lipjan UBT - Lipjan 04/03/2026   003-800070999596 04/03/2026 04/03/2026 Books
UBT Library © 2015-2024. All rights reserved University Education for Business and Technology